000 00750cac a22002171u 4500
090 _c1738
008 081103t1984 xxu||||| |||| 00| 0 eng d
010 _a83050775
020 _a0938862332 (pbk.) :
082 0 0 _a001.6425
245 0 0 _aLotus 1-2-3 user's handbook /
_cby WSI staff.
260 _aCleveland, Ohio :
_bWeber Systems,
_cc1984.
300 _a326 p. :
_bill. ;
_c23 cm.
500 _aIncludes index.
500 _aDonations
500 _aDonations - Dr. Mostafa Gouda
710 2 _aWeber Systems, Inc.
740 0 _aLotus one-two-three user's handbook.
942 _cBB
_k001.6425
_2ddc
999 _c1738
_d1738